Términos Matemáticos - Estadísticas

Estadísticas generales
  • Esta prueba ha sido intentada 360 veces
  • La puntuación promedio es 9 de 19
Estadísticas de respuestas
Descripción Término % Correcto
Un polígono con tres lados Triángulo
80%
La rama de matemáticas en que se estudia la variabilidad según las leyes de la probabilidad Estadística
79%
Este número no es negativo ni positivo Cero
73%
La relación entre la circunferencia y diámetro Pi
73%
Polinomio de dos términos Binomio
57%
La razón entre el cateto adyacente y la hipotenusa Coseno
54%
Un polígono con cuarto lados Cuadrilátero
54%
La operación binaria que típicamente utiliza el signo "x" Multiplicación
54%
Un número que resulta de tener la raíz cuadrada de un número negativo Número imaginario
52%
Una medida de la cantidad de espacio en un objecto tridimensional Volumen
52%
Dice que el cuadrado de la hipotenusa es igual a la suma de los cuadrados de los otros lados Teorema de Pitágoras
51%
La medida de tendencia central que está en el medio del conjunto de los números ordenados Mediana
41%
La rama de matemáticas en que se estudia la combinación de elementos de estructuras abstractas según unas ciertas reglas Álgebra
37%
El tipo de coordinadas ortogonales más usado en espacios euclídeos Sistema cartesiano
28%
En cálculo, la razón de cambio instantánea Derivada
25%
Un factor vinculado a un monomio Coeficiente
20%
La única sección cónica con dos partes separadas Hipérbola
20%
Un arreglo bidimensional de números Matriz
18%
Una magnitud con una dependencia entre el valor de la primera y el valor de la segunda Función
15%
No se encontraron pruebas coincidentes
Distribución de puntuación
Porcentaje de gente con cada puntuación
Porcentaje por número respondido
Historial de tus puntuaciones
No has intentado esta prueba.